000 01038cam a2200229 4500
001 WB4007-21
008 040219n2004 000 0 eng u
035 _a(Sirsi) u125196
245 _aLatest recycling funding
260 _c2004
490 _aDEFRA News Release
_v(57/04) 18 February 2004 (3)
520 _a£43.3m from the National Waste Minimisation and Recycling Challenge Fund has been made available for local authority recycling initiatives in England. This is part of the government commitment to divert waste away from landfill and to help local authorities recycle more. The money will used to expand recycling and composting infrastructure, such as kerbside collection, household waste sites and recycling facilities. Press release http://www.defra.gov.uk/news/2004/040218d.htm
590 _aWB
590 _aWB
650 _aRECYCLING WASTE
650 _aRECYCLING SITES
650 _aHOUSEHOLD WASTE
650 _aLANDFILL SITES
650 _aLOCAL AUTHORITIES
690 _aWASTE MANAGEMENT
942 _n0
999 _c117040
_d117040